[Event "Bad Wörishofen op 2012 28th"]
[Site "Bad Wörishofen (2.3.-10.3)"]
[Date "2012.03.06"]
[Round "5.30"]
[White "Stiller, Patrick Dr"]
[Black "Woerl, Richard"]
[Result "1-0"]
[WhiteElo "2146"]
[BlackElo "1961"]
[PlyCount "99"]
[EventDate "2012.03.??"]
[EventType "swiss"]
[EventRounds "9"]
[EventCountry "GER"]
[SourceDate "2013.02.18"]
[WhiteTeam "Ulm Post SV"]
[BlackTeam "Nürnberg Süd SW"]

1. c4 e5 2. g3 c6 3. Nc3 Be7 4. Nf3 d6 5. d4 Nd7 6. Bg2 f5 7. e4 fxe4 8. Nxe4
d5 9. cxd5 cxd5 10. Nc3 e4 11. Ne5 Ngf6 12. Qb3 Qb6 13. Nxd7 Bxd7 14. Qxb6 axb6
15. O-O Bb4 16. Bd2 Bxc3 17. Bxc3 O-O 18. f3 exf3 19. Rxf3 Rfe8 20. Raf1 Bb5
21. Ra1 Bc4 22. a3 Ne4 23. Bb4 Ng5 24. Rf5 Ne4 25. Re1 g6 26. Rf4 Ng5 27. Rf6
Rxe1+ 28. Bxe1 Re8 29. Bc3 Re6 30. Rxe6 Nxe6 31. Bh3 Kf7 32. Kf2 Ng5 33. Bc8
Ba6 34. Ke3 Kf6 35. Bb4 Ne6 36. Bd6 Ng7 37. g4 Ne8 38. Be5+ Ke7 39. g5 Kf7 40.
Kf4 Ke7 41. a4 Nd6 42. Bxd6+ Kxd6 43. b4 Bc4 44. Bxb7 Kc7 45. Ba8 Kd6 46. Ke3
Ke6 47. Bb7 Kd6 48. a5 bxa5 49. bxa5 Bb5 50. Kf4 1-0

[Event "Bad Wörishofen op 2012 28th"]
[Site "Bad Wörishofen (2.3.-10.3)"]
[Date "2012.03.06"]
[Round "5.32"]
[White "Hipp, Hermann"]
[Black "Kummerow, Heiko"]
[Result "0-1"]
[WhiteElo "1843"]
[BlackElo "2285"]
[PlyCount "74"]
[EventDate "2012.03.??"]
[EventType "swiss"]
[EventRounds "9"]
[EventCountry "GER"]
[SourceDate "2013.02.18"]
[WhiteTeam "Marktoberdorf SK"]
[BlackTeam "Recklinghäuser SG"]

1. b3 d5 2. Bb2 c5 3. e3 e6 4. Nf3 Nf6 5. Bb5+ Bd7 6. Bxd7+ Nbxd7 7. O-O Be7 8.
d4 O-O 9. Nbd2 Rc8 10. c4 Qb6 11. cxd5 exd5 12. dxc5 Nxc5 13. Qe2 Rfd8 14. Rfc1
Nfe4 15. Bd4 Bf6 16. Ne5 Qe6 17. Ndf3 Qf5 18. b4 Ne6 19. Bb2 Nd6 20. Nd3 Bxb2
21. Nxb2 Qe4 22. a3 h6 23. Qd3 f5 24. Nd2 Qe5 25. Na4 Nc4 26. Nf3 Qe4 27. Rc3
b5 28. Nc5 Nxc5 29. bxc5 Rxc5 30. Nd4 Qxd3 31. Rxd3 Rdc8 32. Nb3 R5c7 33. Rxd5
a6 34. Rxf5 Na5 35. Nd2 Rc1+ 36. Rxc1 Rxc1+ 37. Nf1 Nc4 0-1

[Event "Bad Wörishofen op 2012 28th"]
[Site "Bad Wörishofen (2.3.-10.3)"]
[Date "2012.03.06"]
[Round "5.33"]
[White "Harsch, Martin"]
[Black "Tennstedt, Andreas Dr"]
[Result "0-1"]
[WhiteElo "1837"]
[BlackElo "2106"]
[PlyCount "68"]
[EventDate "2012.03.??"]
[EventType "swiss"]
[EventRounds "9"]
[EventCountry "GER"]
[SourceDate "2013.02.18"]
[WhiteTeam "SUI/Schweiz"]
[BlackTeam "Griesheim(DA) SV"]
[WhiteTeamCountry "SUI"]

1. e4 c5 2. Nf3 Nc6 3. Bb5 g6 4. Bxc6 bxc6 5. d3 Bg7 6. O-O Nh6 7. Nc3 f6 8. h3
Nf7 9. Bd2 O-O 10. Qe2 d6 11. Rae1 Qc7 12. b3 Bd7 13. Nh2 e5 14. Nd1 Rae8 15.
Ne3 f5 16. f3 f4 17. Nd1 Bf6 18. Nf2 Ng5 19. b4 cxb4 20. Bxb4 c5 21. Bd2 Ne6
22. c3 Rb8 23. Bc1 Qa5 24. Qd2 Rb7 25. Kh1 Rfb8 26. Rg1 Bh4 27. Re2 Rb1 28.
Nfg4 Ra1 29. Nh6+ Kf8 30. N2g4 Rbb1 31. g3 fxg3 32. Nf7 Kxf7 33. Qh6 Rxc1 34.
Rxc1 Qxc3 0-1

[Event "Bad Wörishofen op 2012 28th"]
[Site "Bad Wörishofen (2.3.-10.3)"]
[Date "2012.03.06"]
[Round "5.36"]
[White "Jakob, Matthias(82)"]
[Black "Matzat, Andre"]
[Result "1-0"]
[WhiteElo "1945"]
[BlackElo "2024"]
[PlyCount "71"]
[EventDate "2012.03.??"]
[EventType "swiss"]
[EventRounds "9"]
[EventCountry "GER"]
[SourceDate "2013.02.18"]
[WhiteTeam "Kaarst SG"]
[BlackTeam "Borbeck Weiße Dame"]

1. e4 c5 2. Nf3 e6 3. d4 cxd4 4. Nxd4 a6 5. Nc3 b5 6. Bd3 Qb6 7. Nf3 Qc7 8. O-O
Bb7 9. Re1 Bc5 10. Qe2 Ne7 11. Bxb5 axb5 12. Nxb5 Qb6 13. Bf4 O-O 14. Bc7 Qa6
15. c4 Rc8 16. Red1 d5 17. Ne5 Nbc6 18. exd5 exd5 19. Nd7 dxc4 20. a4 Ba7 21.
Bd6 Nf5 22. Nc7 Ncd4 23. Nf6+ gxf6 24. Qg4+ Kh8 25. Nxa6 Rg8 26. Qh5 Bxg2 27.
Bg3 Bf3 28. Qxf7 Ne2+ 29. Kf1 Rxg3 30. hxg3 Bd4 31. Rxd4 Nexd4 32. Qxf6+ Kg8
33. g4 Rf8 34. Qg5+ Ng7 35. Re1 Nde6 36. Rxe6 1-0

[Event "Bad Wörishofen op 2012 28th"]
[Site "Bad Wörishofen (2.3.-10.3)"]
[Date "2012.03.06"]
[Round "5.37"]
[White "Hornung, Hans Dr"]
[Black "Guggenberger, Guido"]
[Result "1-0"]
[WhiteElo "2077"]
[BlackElo "1950"]
[PlyCount "93"]
[EventDate "2012.03.??"]
[EventType "swiss"]
[EventRounds "9"]
[EventCountry "GER"]
[SourceDate "2013.02.18"]
[WhiteTeam "Klosterlechfeld SK"]
[BlackTeam "München Tarrasch SC"]

1. d4 Nf6 2. Nf3 g6 3. c4 Bg7 4. g3 O-O 5. Bg2 d6 6. O-O a6 7. b3 Nc6 8. Bb2
Rb8 9. Nbd2 e5 10. d5 Ne7 11. e4 Ne8 12. Ne1 c6 13. Nd3 f5 14. f4 fxe4 15. Nxe4
cxd5 16. cxd5 Nxd5 17. fxe5 Rxf1+ 18. Qxf1 Ne3 19. Qf3 Nxg2 20. Nf6+ Kh8 21.
Kxg2 Bf5 22. Nh5 dxe5 23. Nxg7 Qxd3 24. Nxf5 Qd2+ 25. Qf2 Qd5+ 26. Kg1 gxf5 27.
Qxf5 Qc5+ 28. Kg2 Ng7 29. Qxe5 Qxe5 30. Bxe5 Re8 31. Rf1 Kg8 32. Bd6 Rd8 33.
Bb4 Ne6 34. Rf2 Rd4 35. Bc3 Rd3 36. Be1 Nc5 37. Rd2 Kf7 38. Rxd3 Nxd3 39. Bd2
Ke6 40. Kf3 Kf5 41. g4+ Kg6 42. Ke3 Ne5 43. h3 h5 44. Ke4 Nd7 45. Bc3 hxg4 46.
hxg4 Kg5 47. Kd5 1-0

[Event "Bad Wörishofen op 2012 28th"]
[Site "Bad Wörishofen (2.3.-10.3)"]
[Date "2012.03.06"]
[Round "5.38"]
[White "Straub, Hermann"]
[Black "Lodes, Hermann"]
[Result "1/2-1/2"]
[WhiteElo "1916"]
[BlackElo "2060"]
[PlyCount "53"]
[EventDate "2012.03.??"]
[EventType "swiss"]
[EventRounds "9"]
[EventCountry "GER"]
[SourceDate "2013.02.18"]
[WhiteTeam "Frankenthal(Pfalz) SK"]
[BlackTeam "GER/Burgsinn SF"]
[BlackTeamCountry "GER"]

1. b3 e5 2. Bb2 Nc6 3. e3 Nf6 4. Nf3 e4 5. Nd4 Nxd4 6. Bxd4 d5 7. c4 Be6 8.
cxd5 Nxd5 9. Nc3 Nxc3 10. Bxc3 Qg5 11. Qc2 Qg6 12. Qb2 f6 13. Rd1 Rd8 14. Qc2
Bd6 15. d4 O-O 16. h3 Kh8 17. g3 Bd5 18. Bg2 f5 19. O-O h5 20. h4 Qh6 21. Qe2
g5 22. f4 gxh4 23. gxh4 Rg8 24. Kh2 Rg7 25. Bh3 Rf8 26. Qf2 Qf6 27. Rg1 1/2-1/2

[Event "Bad Wörishofen op 2012 28th"]
[Site "Bad Wörishofen (2.3.-10.3)"]
[Date "2012.03.06"]
[Round "5.39"]
[White "Bartels, Holger"]
[Black "Remensberger, Hansuli"]
[Result "1/2-1/2"]
[WhiteElo "2046"]
[BlackElo "2018"]
[PlyCount "48"]
[EventDate "2012.03.??"]
[EventType "swiss"]
[EventRounds "9"]
[EventCountry "GER"]
[SourceDate "2013.02.18"]
[WhiteTeam "Hamburg Diogenes SC"]
[BlackTeam "SUI/Schweiz"]
[BlackTeamCountry "SUI"]

1. e4 e6 2. d4 d5 3. Nd2 c5 4. Ngf3 cxd4 5. exd5 Qxd5 6. Bc4 Qd6 7. O-O Nf6 8.
Nb3 Nc6 9. Nbxd4 Nxd4 10. Nxd4 Bd7 11. c3 Qc7 12. Qe2 Bd6 13. h3 O-O 14. Bd3
Bh2+ 15. Kh1 Bf4 16. Rd1 Rfd8 17. Qf3 Bxc1 18. Raxc1 Rac8 19. Bb1 Kf8 20. b3
Bc6 21. Nxc6 Rxd1+ 22. Rxd1 Qxc6 23. Qxc6 Rxc6 24. c4 Ke7 1/2-1/2

[Event "Bad Wörishofen op 2012 28th"]
[Site "Bad Wörishofen (2.3.-10.3)"]
[Date "2012.03.06"]
[Round "5.41"]
[White "Heinich, Manfred"]
[Black "Keller, Manfred(45)"]
[Result "1/2-1/2"]
[WhiteElo "1939"]
[BlackElo "2127"]
[PlyCount "51"]
[EventDate "2012.03.??"]
[EventType "swiss"]
[EventRounds "9"]
[EventCountry "GER"]
[SourceDate "2013.02.18"]
[WhiteTeam "München Blinden SC (DBSB)"]
[BlackTeam "Pang/Rosenheim SG"]

1. d4 Nf6 2. c4 g6 3. Nc3 d5 4. cxd5 Nxd5 5. e4 Nxc3 6. bxc3 Bg7 7. Nf3 O-O 8.
Be2 c5 9. Rb1 b6 10. O-O Bb7 11. Qd3 Ba6 12. Qe3 Qc8 13. Rd1 Bxe2 14. Qxe2 Qa6
15. Qc2 Nc6 16. d5 Na5 17. e5 Rad8 18. Bf4 Qc4 19. Qd2 Qe4 20. Bg3 Nc4 21. Qd3
Qxd3 22. Rxd3 f6 23. e6 Rfe8 24. Re1 Bh6 25. Re4 b5 26. Re2 1/2-1/2

[Event "Bad Wörishofen op 2012 28th"]
[Site "Bad Wörishofen (2.3.-10.3)"]
[Date "2012.03.06"]
[Round "5.45"]
[White "Ranker, Klemens"]
[Black "Santl, Anton"]
[Result "0-1"]
[WhiteElo "1787"]
[BlackElo "2002"]
[PlyCount "84"]
[EventDate "2012.03.??"]
[EventType "swiss"]
[EventRounds "9"]
[EventCountry "GER"]
[SourceDate "2013.02.18"]
[WhiteTeam "Hauptstuhl SC"]
[BlackTeam "München SU"]

1. e4 c5 2. Bc4 Nc6 3. Nc3 g6 4. Nf3 Bg7 5. O-O e6 6. d3 Nge7 7. Bg5 h6 8. Bf4
d6 9. Qd2 a6 10. a4 g5 11. Bg3 Ng6 12. h3 O-O 13. Rfe1 Rb8 14. Re2 Nd4 15. Nxd4
cxd4 16. Nd1 b5 17. axb5 axb5 18. Bb3 Be5 19. Bxe5 dxe5 20. g3 Kh7 21. f3 b4
22. Rh2 Rg8 23. Nf2 h5 24. Qe2 Kh6 25. Qd2 Kg7 26. Kg2 Rh8 27. Ra4 Qe7 28. Rh1
Rd8 29. Qe2 Rd7 30. Qd2 Rdb7 31. Rf1 Bd7 32. Raa1 Bc6 33. Rg1 f5 34. Nh1 g4 35.
Nf2 h4 36. fxg4 hxg3 37. gxf5 exf5 38. Kxg3 Rh8 39. Rh1 Qh4+ 40. Kf3 Rf8 41.
Kg2 Kh7 42. Ra6 fxe4 0-1

[Event "Bad Wörishofen op 2012 28th"]
[Site "Bad Wörishofen (2.3.-10.3)"]
[Date "2012.03.06"]
[Round "5.46"]
[White "Schweizer, Manfred(59)"]
[Black "Klaus, Daniel(64)"]
[Result "1/2-1/2"]
[WhiteElo "2004"]
[BlackElo "1894"]
[PlyCount "59"]
[EventDate "2012.03.??"]
[EventType "swiss"]
[EventRounds "9"]
[EventCountry "GER"]
[SourceDate "2013.02.18"]
[WhiteTeam "Memmingen Post SV"]
[BlackTeam "Möglingen SF"]

1. Nf3 c5 2. g3 d5 3. Bg2 Nc6 4. O-O e5 5. d3 Nf6 6. e4 d4 7. a4 h6 8. Na3 Be6
9. Nh4 Rc8 10. b3 a6 11. Qe1 Nb4 12. f4 Bd6 13. Nf5 O-O 14. Nxd6 Qxd6 15. Qe2
Nc6 16. f5 Bd7 17. h4 Nb4 18. g4 b5 19. g5 Nh7 20. Qh5 Kh8 21. gxh6 g6 22. Qe2
Qf6 23. Qf2 gxf5 24. exf5 Rg8 25. Kh2 Rg4 26. Kh3 Rxg2 27. Qxg2 Bxf5+ 28. Rxf5
Qxf5+ 29. Qg4 Qf1+ 30. Qg2 1/2-1/2

[Event "Bad Wörishofen op 2012 28th"]
[Site "Bad Wörishofen (2.3.-10.3)"]
[Date "2012.03.06"]
[Round "5.48"]
[White "Stull, Norbert"]
[Black "Sibler, Sebastian"]
[Result "1/2-1/2"]
[WhiteElo "1912"]
[BlackElo "1895"]
[PlyCount "73"]
[EventDate "2012.03.??"]
[EventType "swiss"]
[EventRounds "9"]
[EventCountry "GER"]
[SourceDate "2013.02.18"]
[WhiteTeam "FRA/Frankreich Differdange"]
[BlackTeam "Mülheim-Nord SV"]
[WhiteTeamCountry "FRA"]

1. d4 Nf6 2. c4 g6 3. Nc3 Bg7 4. e4 d6 5. Be2 O-O 6. Nf3 Na6 7. O-O e5 8. Be3
Ng4 9. Bg5 Qe8 10. h3 f6 11. Bc1 Nh6 12. Re1 Nf7 13. Bf1 exd4 14. Nxd4 Ne5 15.
Be3 Qf7 16. b3 Nb4 17. f4 Nec6 18. Qd2 Nxd4 19. Bxd4 Nc6 20. Bf2 f5 21. exf5
Qxf5 22. Rad1 Bxc3 23. Qxc3 Qxf4 24. Bg3 Qf6 25. Qxf6 Rxf6 26. c5 dxc5 27. Bc4+
Kg7 28. Bxc7 h5 29. Be5 Nxe5 30. Rxe5 b6 31. Re7+ Kh6 32. Rd8 Bb7 33. Rdd7 Bc6
34. Rxa7 Rd8 35. h4 Rh8 36. Bg8 g5 37. hxg5+ 1/2-1/2

[Event "Bad Wörishofen op 2012 28th"]
[Site "Bad Wörishofen (2.3.-10.3)"]
[Date "2012.03.06"]
[Round "5.50"]
[White "Deues, Erik"]
[Black "Klein, Reinhard"]
[Result "0-1"]
[WhiteElo "1987"]
[BlackElo "1752"]
[PlyCount "122"]
[EventDate "2012.03.??"]
[EventType "swiss"]
[EventRounds "9"]
[EventCountry "GER"]
[SourceDate "2013.02.18"]
[WhiteTeam "Germering SK"]
[BlackTeam "München RTA"]

1. d4 Nf6 2. c4 c5 3. d5 b5 4. cxb5 a6 5. b6 d6 6. Nc3 Nbd7 7. e4 g6 8. Nf3 Bg7
9. Be2 O-O 10. O-O Rb8 11. Nd2 Nxb6 12. a4 Nbd7 13. Nc4 Ne8 14. Kh1 Ne5 15. Ne3
c4 16. f4 Nd3 17. Bxd3 cxd3 18. Qxd3 Rb3 19. Qc2 Rb4 20. Ra3 Qb6 21. Na2 Bxb2
22. Nxb4 Bxa3 23. Bxa3 Qxe3 24. Bc1 Qc5 25. Qxc5 dxc5 26. Nc6 Bd7 27. Nxe7+ Kg7
28. Bb2+ f6 29. Rc1 Bxa4 30. Rxc5 Rf7 31. Nc6 Rb7 32. Bd4 Rb1+ 33. Bg1 Nd6 34.
Nd4 Nxe4 35. Rc7+ Kh6 36. g3 Rd1 37. Kg2 f5 38. d6 Rd2+ 39. Kf1 Nxd6 40. Nf3
Rd1+ 41. Kg2 Ne8 42. Rf7 Bc6 43. Bc5 Nd6 44. Bxd6 Rxd6 45. Kf2 Rd7 46. Rf6 Bxf3
47. Kxf3 Ra7 48. Rc6 a5 49. Rc3 a4 50. Ra3 Kg7 51. h3 Kf6 52. g4 Ke6 53. Ke3
Kd5 54. Kd3 Kc5 55. Kc3 Kb5 56. Kb2 Re7 57. gxf5 Re2+ 58. Ka1 gxf5 59. Rd3 Kc4
60. Rd7 Kb3 61. Rb7+ Ka3 0-1

[Event "Bad Wörishofen op 2012 28th"]
[Site "Bad Wörishofen (2.3.-10.3)"]
[Date "2012.03.06"]
[Round "5.51"]
[White "Sonnhalter, Stella"]
[Black "Marian, Hartmut"]
[Result "1/2-1/2"]
[WhiteElo "1889"]
[BlackElo "1966"]
[PlyCount "51"]
[EventDate "2012.03.??"]
[EventType "swiss"]
[EventRounds "9"]
[EventCountry "GER"]
[SourceDate "2013.02.18"]
[WhiteTeam "Heusweiler Reti SC"]
[BlackTeam "Germering SK"]

1. e4 Nf6 2. e5 Nd5 3. c4 Nb6 4. d4 d6 5. exd6 exd6 6. Nc3 Be7 7. g3 O-O 8. Bg2
Re8 9. Nge2 Nc6 10. b3 Bf6 11. O-O Bf5 12. a3 Qd7 13. Bb2 g6 14. d5 Ne5 15. Nf4
Bg7 16. Qd2 h5 17. h4 a6 18. Rae1 Qd8 19. Ba1 Nbd7 20. Ne4 Nxc4 21. bxc4 Bxa1
22. Nxd6 Rxe1 23. Qxe1 cxd6 24. Qxa1 Qf6 25. Re1 Rc8 26. Bf1 1/2-1/2

[Event "Bad Wörishofen op 2012 28th"]
[Site "Bad Wörishofen (2.3.-10.3)"]
[Date "2012.03.06"]
[Round "5.52"]
[White "Schulz, Michael(58)"]
[Black "Bauder, Herbert"]
[Result "1-0"]
[WhiteElo "2070"]
[BlackElo "1838"]
[PlyCount "121"]
[EventDate "2012.03.??"]
[EventType "swiss"]
[EventRounds "9"]
[EventCountry "GER"]
[SourceDate "2013.02.18"]
[WhiteTeam "München Bayern FC"]
[BlackTeam "Berlin Lasker Steglitz SG"]

1. c4 c5 2. Nf3 Nc6 3. d4 cxd4 4. Nxd4 Nf6 5. Nc3 g6 6. e4 Nxd4 7. Qxd4 d6 8.
f3 Bg7 9. Be3 O-O 10. Qd2 Be6 11. Be2 Qa5 12. Rc1 Rfc8 13. b3 a6 14. Na4 Qxd2+
15. Kxd2 Nd7 16. g4 Rab8 17. Nc3 b5 18. Nd5 Bxd5 19. exd5 b4 20. Bd3 Nc5 21.
Bc2 a5 22. f4 e6 23. dxe6 Bc3+ 24. Ke2 fxe6 25. Rcd1 Rd8 26. h4 Rbc8 27. h5 Kg7
28. g5 d5 29. cxd5 exd5 30. Bxc5 Rxc5 31. hxg6 hxg6 32. Rh6 Rc6 33. f5 Rdd6 34.
Rdh1 gxf5 35. Rxd6 Rxd6 36. Bxf5 Kg8 37. Kf3 Bd2 38. Kg4 Bc3 39. Rh7 Bg7 40.
Rh2 Kf7 41. Kf4 Kf8 42. Re2 Kf7 43. Bg4 d4 44. Bh5+ Kg8 45. Re8+ Kh7 46. Bf3
Kg6 47. Re7 Kh7 48. Be4+ Kg8 49. Bd3 Rd8 50. Ra7 Rf8+ 51. Kg4 Rf2 52. Rxa5 Bf8
53. Ra7 Rh2 54. Bc4+ Kh8 55. Kf5 Rh7 56. Ra8 Kg7 57. Rd8 Rh4 58. Rd7+ Kh8 59.
Kg6 Rh2 60. Rd8 Rf2 61. Bf7 1-0

[Event "Bad Wörishofen op 2012 28th"]
[Site "Bad Wörishofen (2.3.-10.3)"]
[Date "2012.03.06"]
[Round "5.54"]
[White "Daeubler, Heinrich"]
[Black "Kluegel, Jan"]
[Result "1-0"]
[WhiteElo "2049"]
[BlackElo "1834"]
[PlyCount "111"]
[EventDate "2012.03.??"]
[EventType "swiss"]
[EventRounds "9"]
[EventCountry "GER"]
[SourceDate "2013.02.18"]
[WhiteTeam "Amberg Siemens SG"]
[BlackTeam "Rendsburg VHS SV"]

1. d4 d5 2. c4 c6 3. Nc3 Nf6 4. Nf3 a6 5. g3 Bf5 6. Bg2 e6 7. O-O h6 8. a4 Nbd7
9. Bf4 dxc4 10. Nd2 Nb6 11. a5 Nbd5 12. Nxc4 Nxf4 13. gxf4 Be7 14. e3 O-O 15.
Ne5 Qc7 16. Qb3 Rfd8 17. Rfc1 Bd6 18. Na4 Qe7 19. Nb6 Rab8 20. Nbc4 Bc7 21. Qa3
Qxa3 22. Rxa3 Ne4 23. Bxe4 Bxe4 24. Nd2 Bh7 25. Nec4 f6 26. Rb3 e5 27. fxe5
fxe5 28. dxe5 Rd5 29. f4 Bxa5 30. Nxa5 Rxa5 31. Rxc6 Rd5 32. Nc4 Rd1+ 33. Kf2
Be4 34. Rd6 Rh1 35. Nd2 Bc2 36. Rc3 Ba4 37. Kg2 Re1 38. Kf2 Rd1 39. Nf3 Rb1 40.
Rd2 Bc6 41. Ne1 Kf7 42. Nf3 Re8 43. Nd4 Be4 44. Ne2 Re6 45. Rc4 Bc6 46. Nd4 Rg6
47. Nxc6 bxc6 48. Kf3 Ra1 49. Ke4 Ra2 50. Rb4 a5 51. Rb7+ Kg8 52. Rd8+ Kh7 53.
Rbb8 Rg1 54. Kf5 g6+ 55. Kf6 Rxb2 56. Rh8# 1-0

[Event "Bad Wörishofen op 2012 28th"]
[Site "Bad Wörishofen (2.3.-10.3)"]
[Date "2012.03.06"]
[Round "5.55"]
[White "Muehlbach, Peter"]
[Black "Ditmas, Hugh"]
[Result "1/2-1/2"]
[WhiteElo "1995"]
[BlackElo "1883"]
[PlyCount "43"]
[EventDate "2012.03.??"]
[EventType "swiss"]
[EventRounds "9"]
[EventCountry "GER"]
[SourceDate "2013.02.18"]
[WhiteTeam "Heidelberg-Kirchheim SG"]
[BlackTeam "Bremer 1877 SG"]

1. Nf3 Nf6 2. c4 e6 3. d4 b6 4. g3 c6 5. Bg2 d5 6. O-O Be7 7. Nc3 O-O 8. Ne5
Nfd7 9. Nxd7 Qxd7 10. cxd5 cxd5 11. f3 Bf6 12. Be3 Nc6 13. Bf2 Rd8 14. Bh3 Bb7
15. Qd2 Rac8 16. Rac1 Qe7 17. Rfd1 Ba6 18. e3 Na5 19. b3 Nc6 20. f4 Nb4 21. Bf1
Bxf1 22. Kxf1 1/2-1/2

[Event "Bad Wörishofen op 2012 28th"]
[Site "Bad Wörishofen (2.3.-10.3)"]
[Date "2012.03.06"]
[Round "5.57"]
[White "Diotallevi, Maurizio"]
[Black "Koelbl, Jonathan"]
[Result "1/2-1/2"]
[WhiteElo "1999"]
[BlackElo "1848"]
[PlyCount "30"]
[EventDate "2012.03.??"]
[EventType "swiss"]
[EventRounds "9"]
[EventCountry "GER"]
[SourceDate "2013.02.18"]
[WhiteTeam "ITA/Italien"]
[BlackTeam "Klosterlechfeld SK"]
[WhiteTeamCountry "ITA"]

1. d4 d6 2. c4 c6 3. Nc3 Nf6 4. e4 e5 5. Nf3 Bg4 6. Be2 Nbd7 7. Be3 Be7 8. O-O
O-O 9. Rb1 Bxf3 10. Bxf3 exd4 11. Bxd4 Ne8 12. Be2 Nc7 13. b4 Re8 14. f4 Nf8
15. Bf3 Bf6 1/2-1/2

[Event "Bad Wörishofen op 2012 28th"]
[Site "Bad Wörishofen (2.3.-10.3)"]
[Date "2012.03.06"]
[Round "5.58"]
[White "Blaeser, Romain"]
[Black "Santos, Paulo"]
[Result "1-0"]
[WhiteElo "1869"]
[BlackElo "1690"]
[PlyCount "69"]
[EventDate "2012.03.??"]
[EventType "swiss"]
[EventRounds "9"]
[EventCountry "GER"]
[SourceDate "2013.02.18"]
[WhiteTeam "LUX/Luxemburg"]
[BlackTeam "Lechhausen SC"]
[WhiteTeamCountry "LUX"]

1. g3 Nf6 2. Bg2 d5 3. Nf3 g6 4. b3 Bg7 5. Bb2 O-O 6. d3 c6 7. Nbd2 Bg4 8. h3
Bxf3 9. Bxf3 Nbd7 10. O-O Qc7 11. Bg2 e5 12. e4 dxe4 13. dxe4 Rad8 14. Qe2 Rfe8
15. a4 Nc5 16. Nc4 a6 17. a5 h5 18. b4 Ncd7 19. Bc1 c5 20. c3 Bf8 21. Rb1 cxb4
22. cxb4 Nb8 23. Bg5 Be7 24. Ne3 Nxe4 25. Bxe7 Nc3 26. Qc2 Rxe7 27. Rbc1 Nb5
28. Nd5 Rxd5 29. Bxd5 Qxc2 30. Rxc2 Nc6 31. Bxc6 bxc6 32. Rxc6 Nc7 33. Rd1 Kg7
34. f3 f5 35. Rdd6 1-0

[Event "Bad Wörishofen op 2012 28th"]
[Site "Bad Wörishofen (2.3.-10.3)"]
[Date "2012.03.06"]
[Round "5.59"]
[White "Goede, Heiko"]
[Black "Mack, Thomas Dr(43)"]
[Result "0-1"]
[WhiteElo "1750"]
[BlackElo "1906"]
[PlyCount "38"]
[EventDate "2012.03.??"]
[EventType "swiss"]
[EventRounds "9"]
[EventCountry "GER"]
[SourceDate "2013.02.18"]
[WhiteTeam "Sülz-Klettenberg SK"]
[BlackTeam "München Tarrasch SC"]

1. Nf3 d5 2. d3 Nc6 3. g3 e5 4. Bg2 f5 5. e3 Nf6 6. O-O Bd6 7. Nc3 a6 8. Nh4
Be6 9. e4 dxe4 10. dxe4 f4 11. Nf5 Bxf5 12. exf5 O-O 13. Ne4 Qd7 14. Nxf6+ Rxf6
15. Bd5+ Kh8 16. Be6 Qe7 17. g4 Rh6 18. f3 Bc5+ 19. Kh1 Rxh2+ 0-1

[Event "Bad Wörishofen op 2012 28th"]
[Site "Bad Wörishofen (2.3.-10.3)"]
[Date "2012.03.06"]
[Round "5.60"]
[White "Valet, Richard"]
[Black "Koch, Harald"]
[Result "1-0"]
[WhiteElo "1938"]
[BlackElo "1834"]
[PlyCount "73"]
[EventDate "2012.03.??"]
[EventType "swiss"]
[EventRounds "9"]
[EventCountry "GER"]
[SourceDate "2013.02.18"]
[WhiteTeam "Greifswalder SV"]
[BlackTeam "Kissing SK"]

1. e4 Nc6 2. d4 e5 3. d5 Nb8 4. f4 Bc5 5. Qf3 Qe7 6. Bd3 Nf6 7. fxe5 Qxe5 8.
Nc3 Bb4 9. Nge2 d6 10. h3 Na6 11. Bf4 Qh5 12. O-O-O Qxf3 13. gxf3 Bd7 14. a3
Bc5 15. Nb5 Nh5 16. Bd2 O-O-O 17. b4 Bb6 18. c4 Bxb5 19. cxb5 Nb8 20. a4 Bf2
21. Rh2 Bh4 22. Be3 Nd7 23. Nd4 Bf6 24. Rc2 Bxd4 25. Bxd4 f6 26. a5 b6 27. Be3
g5 28. Kd2 Nf4 29. Rdc1 Nxd3 30. Rxc7+ Kb8 31. Kxd3 Nc5+ 32. bxc5 Kxc7 33.
cxb6+ Kb8 34. bxa7+ Ka8 35. a6 Rc8 36. b6 Rxc1 37. b7# 1-0

[Event "Bad Wörishofen op 2012 28th"]
[Site "Bad Wörishofen (2.3.-10.3)"]
[Date "2012.03.06"]
[Round "5.61"]
[White "Margraf, Christoph"]
[Black "Von Saldern, Ruediger"]
[Result "1-0"]
[WhiteElo "1808"]
[BlackElo "1905"]
[PlyCount "143"]
[EventDate "2012.03.??"]
[EventType "swiss"]
[EventRounds "9"]
[EventCountry "GER"]
[SourceDate "2013.02.18"]
[WhiteTeam "Ansbach SC"]
[BlackTeam "Starnberger See SF"]

1. c4 c6 2. Nc3 d5 3. d4 Nf6 4. Nf3 e6 5. e3 Nbd7 6. Bd3 Be7 7. b3 O-O 8. O-O
a6 9. Bb2 b5 10. cxd5 cxd5 11. Rc1 Bb7 12. Bb1 Rc8 13. Ne5 Nxe5 14. dxe5 Nd7
15. Qd3 g6 16. Ne2 Rxc1 17. Rxc1 Qb8 18. f4 Rc8 19. Rxc8+ Qxc8 20. Bd4 Qc6 21.
Qd2 Kf8 22. Qc3 Ke8 23. Qxc6 Bxc6 24. Bd3 Kd8 25. Kf2 Kc7 26. g4 Bc5 27. h4
Bxd4 28. exd4 Nf8 29. b4 Bd7 30. Nc1 Bc8 31. Ke3 Kd8 32. Kd2 Ke7 33. Be2 Nd7
34. Nd3 Kd8 35. Bd1 Nb6 36. Nc5 Nc4+ 37. Kc3 Nb6 38. a4 Kc7 39. a5 Nc4 40. Bf3
Kd8 41. f5 gxf5 42. gxf5 Ke7 43. f6+ Ke8 44. Kd3 Kf8 45. Bh5 Nb2+ 46. Ke2 Nc4
47. Nd3 Na3 48. Ne1 Kg8 49. Kf3 Nc4 50. Kf4 Nd2 51. Bd1 Kh8 52. Bc2 Nc4 53. Nf3
h6 54. Nh2 Bd7 55. Ng4 Be8 56. Nxh6 Na3 57. Bd3 Nc4 58. Be2 Kh7 59. Kg5 Nd2 60.
Bd3+ Kh8 61. Kf4 Nc4 62. Ng4 Nb2 63. Bc2 Nc4 64. Nf2 Bd7 65. Nh3 Kg8 66. Ng5
Be8 67. h5 Na3 68. Bd3 Nc4 69. h6 Nb2 70. Bc2 Na4 71. Ke3 Nc3 72. Bb3 1-0

[Event "Bad Wörishofen op 2012 28th"]
[Site "Bad Wörishofen (2.3.-10.3)"]
[Date "2012.03.06"]
[Round "5.62"]
[White "Marzec, Witold"]
[Black "Spanton, Tim R"]
[Result "0-1"]
[WhiteElo "1729"]
[BlackElo "1961"]
[PlyCount "64"]
[EventDate "2012.03.??"]
[EventType "swiss"]
[EventRounds "9"]
[EventCountry "GER"]
[SourceDate "2013.02.18"]
[WhiteTeam "Bonner SG "L""]
[BlackTeam "ENG/England"]
[BlackTeamCountry "ENG"]

1. d4 d5 2. c4 e5 3. dxe5 d4 4. Nf3 Nc6 5. Bf4 Nge7 6. e3 Bg4 7. Be2 dxe3 8.
Qxd8+ Rxd8 9. fxe3 Nb4 10. Na3 Ng6 11. Rd1 Rxd1+ 12. Kxd1 c6 13. Nc2 Nxa2 14.
Kd2 Nb4 15. Nxb4 Bxb4+ 16. Kc2 h6 17. Bd3 Ke7 18. h3 Be6 19. Nd4 Rd8 20. Nf3
Ke8 21. g4 Bc5 22. Re1 a6 23. Nd2 Bb4 24. Re2 Nxf4 25. exf4 Bxd2 26. f5 Bxf5
27. gxf5 Bf4 28. Re4 Bg5 29. h4 Be7 30. h5 Bc5 31. Kc3 Ke7 32. Bc2 a5 0-1

[Event "Bad Wörishofen op 2012 28th"]
[Site "Bad Wörishofen (2.3.-10.3)"]
[Date "2012.03.06"]
[Round "5.63"]
[White "Sakowski, Christian"]
[Black "Auschkalnis, Reinhard"]
[Result "1/2-1/2"]
[WhiteElo "1864"]
[BlackElo "1696"]
[PlyCount "44"]
[EventDate "2012.03.??"]
[EventType "swiss"]
[EventRounds "9"]
[EventCountry "GER"]
[SourceDate "2013.02.18"]
[WhiteTeam "Türkheim/Wörishofen SC"]
[BlackTeam "Bonn Beuel SC"]

1. e4 c5 2. Nf3 d6 3. d4 cxd4 4. Nxd4 Nf6 5. Nc3 a6 6. f3 h5 7. Bc4 e6 8. Bb3
Nbd7 9. Be3 Nc5 10. O-O e5 11. Nde2 Nxb3 12. axb3 Be6 13. Na4 d5 14. Nb6 Rb8
15. exd5 Nxd5 16. Nxd5 Qxd5 17. Qxd5 Bxd5 18. c4 Bc6 19. Bb6 Rc8 20. Nc3 Bb4
21. Rfd1 Bxc3 22. bxc3 O-O 1/2-1/2